000
00217nam a22000977a 4500
999
_c
264054
_d
264053
020
_a
0789434369
100
_a
Jane Yorke
245
_a
Big Books of Trains
260
_a
United States
_b
DK Publishing
_c
1998
942
_c
BK